زكاة الصكوك الاستثمارية / (رقم التسجيلة. 140419)

تفاصيل مارك
000 -LEADER
fixed length control field 00546nam a22001817a 4500
005 - DATE AND TIME OF LATEST TRANSACTION
control field 20251108175713.0
008 - FIXED-LENGTH DATA ELEMENTS--GENERAL INFORMATION
fixed length control field 250721s2018 xx 000 0 ara d
082 14 - DEWEY DECIMAL CLASSIFICATION NUMBER
Classification number م/216.24/عما
100 1# - MAIN ENTRY--PERSONAL NAME
Personal name عمارنة، اياد
245 10 - TITLE STATEMENT
Title زكاة الصكوك الاستثمارية /
264 1# - PRODUCTION, PUBLICATION, DISTRIBUTION, MANUFACTURE, AND COPYRIGHT NOTICE
Place of production, publication, distribution, manufacture دمشق :
Name of producer, publisher, distributor, manufacturer مؤسسة الرسالة ناشرون،
Date of production, publication, distribution, manufacture, or copyright notice 2018.
300 ## - PHYSICAL DESCRIPTION
Extent (312)ص0
650 17 - SUBJECT ADDED ENTRY--TOPICAL TERM
Topical term or geographic name as entry element الفقة الاسلامي
650 17 - SUBJECT ADDED ENTRY--TOPICAL TERM
Topical term or geographic name as entry element الزكاه
650 17 - SUBJECT ADDED ENTRY--TOPICAL TERM
Topical term or geographic name as entry element السندات المكتوبة
942 ## - ADDED ENTRY ELEMENTS (KOHA)
Source of classification or shelving scheme Dewey Decimal Classification
Koha item type مراجع
المقتنيات
حالة السحب حالة الفقدان مصدر التصنيف حالة التلف غير قابل للإعارة المكتبة الرئيسية المكتبة الحالية موقع الرف تاريخ التزويد الرقم المتسلسل Total Checkouts رقم الإستدعاء الباركود تاريخ آخر ظهور تاريخ الفاتورة نوع المادة (كوها)
    Dewey Decimal Classification   Not For Loan المكتبة المركزية المكتبة المركزية مراجع 28/07/2025 1724663   م/216.24/عما PLD00468640 28/07/2025 28/07/2025 مراجع
    Dewey Decimal Classification   Not For Loan مكتبة أبو علندا العامة مكتبة أبو علندا العامة مراجع 13/10/2019 1724665   م/216.24/عما PLD00472042 28/07/2025 13/10/2019 مراجع
    Dewey Decimal Classification   Not For Loan مكتبة أم قصير والمقابلين العامة مكتبة أم قصير والمقابلين العامة مراجع 13/10/2019 1724668   م/216.24/عما PLD00472045 28/07/2025 13/10/2019 مراجع
    Dewey Decimal Classification   Not For Loan مكتبة الاميرة بديعة مكتبة الاميرة بديعة مراجع 13/10/2019 1724669   م/216.24/عما PLD00472046 28/07/2025 13/10/2019 مراجع
    Dewey Decimal Classification   Not For Loan مكتبة الجويدة مكتبة الجويدة مراجع 13/10/2019 1724666   م/216.24/عما PLD00472043 28/07/2025 13/10/2019 مراجع
    Dewey Decimal Classification   Not For Loan مكتبة الحسن العامة مكتبة الحسن العامة مراجع 13/10/2019 1724671   م/216.24/عما PLD00472048 28/07/2025 13/10/2019 مراجع
    Dewey Decimal Classification   Not For Loan مكتبة صويلح العامة مكتبة صويلح العامة مراجع 13/10/2019 1724670   م/216.24/عما PLD00472047 28/07/2025 13/10/2019 مراجع
Implemented & Customized by: BBB with SCIT (Smart Chains for Information Technology)

Powered by Koha